路線名 一覧クイズ 秋田県 - Statistics

General Stats
  • This quiz has been taken 47 times
  • The average score is 8 of 9
Answer Stats
事業者名 答え 区間 % Correct
JR東日本 羽越本線 小砂川~秋田
100%
JR東日本 奥羽本線 院内~陣場
100%
JR東日本 男鹿線 追分~男鹿(全線)
98%
JR東日本 五能線 東能代~岩館
98%
JR東日本 田沢湖線 田沢湖~大曲
95%
JR東日本 花輪線(十和田八幡平四季彩ライン) 湯瀬温泉~大館
95%
三セク① 秋田内陸線(秋田内陸縦貫鉄道) 羽後本荘~矢島(全線)
93%
JR東日本 北上線 黒沢~横手
86%
三セク② 鳥海山ろく線(由利高原鉄道) 角館~鷹ノ巣(全線)
81%
No matching quizzes found
Score Distribution
Percent of People with Each Score
Percentile by Number Answered
Your Score History
You have not taken this quiz